[Event "Online Olym Disabilities"]
[Site "Tornelo INT"]
[Date "2020.11.23"]
[Round "3.3"]
[White "Arstanbekov, Dzhanysh"]
[Black "Soltanov, Serik"]
[Result "1/2-1/2"]
[WhiteElo "1729"]
[BlackElo "2266"]
[PlyCount "93"]
[EventDate "2020.11.21"]
[EventType "team-swiss (rapid)"]
[EventRounds "7"]
[EventCountry "NET"]
[SourceTitle "CBM 199 Extra"]
[Source "ChessBase"]
[SourceDate "2021.01.31"]
[SourceVersion "1"]
[SourceVersionDate "2021.01.31"]
[SourceQuality "1"]
[WhiteTeam "Kyrgyzstan"]
[BlackTeam "Kazakhstan"]
[WhiteTeamCountry "KGZ"]
[BlackTeamCountry "KAZ"]

1. e4 Nf6 2. Nc3 d5 3. exd5 Nxd5 4. Nxd5 Qxd5 5. d4 Nc6 6. c3 Bf5 7. Nf3 e6 8. Be2 Be7 9. 0-0 0-0 10. Bf4 Qd7 11. Bb5 Bf6 12. Ne5 Bxe5 13. dxe5 Qd5 14. Qxd5 exd5 15. Bxc6 bxc6 16. e6 Bxe6 17. Bxc7 Rfe8 18. Bd6 Bd7 19. Rfe1 f6 20. f3 Kf7 21. Kf2 Bf5 22. Rxe8 Rxe8 23. Re1 Rxe1 24. Kxe1 Ke6 25. Bc5 a6 26. Kf2 Bb1 27. a3 g5 28. Ke3 Ba2 29. g3 Bb3 30. Ba7 Bd1 31. b4 h5 32. Bb8 Kf5 33. Bc7 Ke6 34. f4 Kf5 35. fxg5 fxg5 36. h4 gxh4 37. gxh4 Ke6 38. Kd4 Kd7 39. Bf4 Kc8 40. c4 dxc4 41. Kxc4 Kb7 42. Kc5 Bc2 43. Bg5 Bd1 44. Be7 Bc2 45. Bg5 Bd1 46. Be7 Bc2 47. Bg5 1/2-1/2

[Event "Pavlodar op"]
[Site "Pavlodar"]
[Date "2012.12.04"]
[Round "6"]
[White "Malakhatko, Vadim"]
[Black "Soltanov, Serik"]
[Result "1-0"]
[WhiteElo "2550"]
[BlackElo "2361"]
[PlyCount "61"]
[EventDate "2012.11.30"]
[EventType "swiss"]
[EventRounds "10"]
[EventCountry "KAZ"]
[SourceTitle "EXT 2014"]
[Source "ChessBase"]
[SourceDate "2013.11.20"]
[SourceVersion "1"]
[SourceVersionDate "2013.11.20"]
[SourceQuality "1"]

1. d4 Nf6 2. c4 g6 3. Nc3 Bg7 4. e4 d6 5. Nf3 0-0 6. Be2 e5 7. 0-0 Nc6 8. d5 Ne7 9. b4 Nh5 10. Re1 a5 11. bxa5 Rxa5 12. Nd2 Nf4 13. Bf1 h6 14. a4 g5 15. Nb3 Ra8 16. c5 f5 17. g3 Nfg6 18. a5 g4 19. cxd6 cxd6 20. Be3 fxe4 21. Bb6 Qe8 22. Nb5 e3 23. Rxe3 e4 24. Nxd6 Qd7 25. Nxe4 Bxa1 26. Qxa1 Nxd5 27. Bc4 Kh7 28. Rd3 Nxb6 29. Nf6+ Rxf6 30. Qxf6 Qg7 31. Qxb6 1-0

[Event "KAZ-ch qual"]
[Site "Astana"]
[Date "2012.02.21"]
[Round "1"]
[White "Tokabayev, Alibek"]
[Black "Soltanov, Serik"]
[Result "0-1"]
[WhiteElo "1940"]
[BlackElo "2369"]
[PlyCount "60"]
[EventDate "2012.02.21"]
[EventType "swiss"]
[EventRounds "9"]
[EventCountry "KAZ"]
[SourceTitle "EXT 2014"]
[Source "ChessBase"]
[SourceDate "2013.11.20"]
[SourceVersion "1"]
[SourceVersionDate "2013.11.20"]
[SourceQuality "1"]

1. d4 Nf6 2. c4 g6 3. Nc3 Bg7 4. e4 d6 5. f3 0-0 6. Be3 e5 7. d5 c6 8. Qd2 cxd5 9. cxd5 a6 10. Nge2 Nbd7 11. Ng3 b5 12. Be2 Nb6 13. b3 Nfd7 14. 0-0 f5 15. exf5 gxf5 16. Nh5 f4 17. Bf2 Nf6 18. Bh4 Qe8 19. Nxf6+ Bxf6 20. Bf2 Qd8 21. Ne4 Bb7 22. Nxf6+ Rxf6 23. Qa5 Nxd5 24. Qxd8+ Rxd8 25. Bh4 Kf7 26. a4 Nc3 27. Bd3 b4 28. Bxf6 Kxf6 29. g3 fxg3 30. hxg3 a5 0-1